Arte e Natura: (Titelsatznr. 373760)
[ MARC ]
| 000 -Satzkennung | |
|---|---|
| Kontrollfeld mit fester Länge | 00564nam a2200157 4500 |
| 008 - Feld mit fester Länge zur physischen Beschreibung - Allgemeine Angaben | |
| Kontrollfeld mit fester Länge | 250508b |||||||| |||| 00| 0 eng d |
| 040 ## - Katalogisierungsquelle | |
| Original-Katalogisierungsstelle | DE-2950 |
| Übertragungsstelle | DE-2950 |
| 041 ## - Sprachcode | |
| Sprachcode des Textes/der Tonspur oder des separaten Titels | ger |
| 245 ## - Titel | |
| Titel | Arte e Natura: |
| Zusatz zum Titel | La Torre di Babele / |
| Verfasserangabe etc. | Fotografien von Maria A. Cecamore, David Fox, Michael Kramer |
| 260 ## - Publikation, Vertrieb usw. (Erscheinungsvermerk) | |
| Erscheinungsort, Vertriebsort etc. | Imperia: |
| Name des Verlags, des Vertriebs etc. | Galleria Bajazzo, |
| Date of publication, distribution, etc | [1996] |
| 300 ## - Physische Beschreibung | |
| Umfang | o.Sz. |
| 500 ## - Allgemeine Fußnote | |
| Allgemeine Fußnote | Enthält u.a.: Arbeiten von Harald Schulze (Letschin) und Jürgen Hartmann (Sieversdorf, Frankfurt (Oder) |
| 653 ## - Indexierungsterm - Nicht normiert | |
| Nicht-normierter Term | Kunstausstellung |
| 653 ## - Indexierungsterm - Nicht normiert | |
| Nicht-normierter Term | Ausstellungskatalog |
| 942 ## - Zusätzliche Felder (Koha) | |
| Klassifikation oder Aufstellungssystematik | Andere/Generische Klassifikation |
| Koha-Medientyp | Bücher |
| Ausgeschieden | Verloren | Klassifikation oder Aufstellungssystematik | Beschädigt | Nicht entleihbar | Permanenter Standort | Aktueller Standort | Aufstellungsort | Erwerbungsdatum | Anzahl Ausleihen | Signatur | Letzte Aktivität | Exemplarnummer | Preis gültig von | Medientyp |
|---|---|---|---|---|---|---|---|---|---|---|---|---|---|---|
| Andere/Generische Klassifikation | Stadtarchiv Frankfurt (Oder) | Archivbibliothek | Stadtarchiv Frankfurt (Oder) | Archivbibliothek | Magazin | 08/05/2025 | II: 5146 | 08/05/2025 | 54/2025 | 08/05/2025 | Bücher |